Isagoge.
I tiakina i:
| Kaituhi matua: | |
|---|---|
| Ētahi atu kaituhi: | |
| Hōputu: | Pukapuka |
| I whakaputaina: |
Milano, Italia:
Rusconi Libri,
1995.
|
| Putanga: | Prima edizione. |
| Rangatū: | Testi a fronte,
|
| Ngā marau: | |
| Ngā Tūtohu: |
Tāpirihia he Tūtohu
Kāore He Tūtohu, Me noho koe te mea tuatahi ki te tūtohu i tēnei pūkete!
|
MARC
| LEADER | 00000nam a22000007a 4500 | ||
|---|---|---|---|
| 003 | CL-VaPUC | ||
| 005 | 20240513151050.0 | ||
| 008 | 220725t1995||| |||| 00| 0 eng d | ||
| 999 | |c 437479 |d 437477 | ||
| 020 | |a 88-18-70099- | ||
| 040 | |c Pontificia Universidad Católica de Valparaíso | ||
| 082 | 0 | 4 | |a 186.4 POR 1995 |2 21 |
| 100 | 0 | |a Porfirio |e autore |9 348149 | |
| 245 | 1 | 0 | |a Isagoge. |
| 250 | |a Prima edizione. | ||
| 260 | |a Milano, Italia: |b Rusconi Libri, |c 1995. | ||
| 300 | |a 212 páginas. | ||
| 490 | |a Testi a fronte, |n 15. | ||
| 500 | |a c.1 Donación Familia Prof. Alejandro Guzmán Brito. | ||
| 583 | |a last modification |c 20011130 00:00:00 |k Cristina María Rojas Aguilar | ||
| 650 | 0 | |a Neoplatonismo |9 265877 | |
| 650 | 0 | |a Filosofía medieval |9 256245 | |
| 650 | 7 | |a Universales |2 CL-VaPUC |9 465996 | |
| 700 | |a Girgenti, Giuseppe |e prefazione, introduzione, traduzione e apparati |9 873787 | ||
| 942 | |c BK |2 ddc |n 0 | ||
| 952 | |0 0 |1 0 |2 ddc |4 0 |6 186_400000000000000_POR_1995 |7 0 |8 C_AGB |9 585249 |a BIBDER |b BIBDER |d 2022-07-25 |e Donación |i 5653217 |o 186.4 POR 1995 |p 5653217 |r 2023-01-25 |t 1 |w 2022-07-25 |y BK_US |k AGB | ||